I Presidenti del Consiglio della Repubblica - Statistics

Statistiche generali
  • Questo quiz è stato fatto 31 volte
  • Il punteggio medio è 20 su 31
Statistiche sulle risposte
Risposta % Corretto
Conte
100%
Letta
100%
Meloni
100%
Draghi
96%
Renzi
96%
Berlusconi
92%
Prodi
92%
Andreotti
88%
De Gasperi
85%
Monti
85%
Gentiloni
81%
Craxi
77%
D'Alema
77%
Moro
77%
Leone
62%
Amato
58%
Ciampi
58%
Cossiga
58%
Fanfani
54%
Spadolini
50%
De Mita
46%
Dini
46%
Rumor
42%
Forlani
38%
Goria
38%
Scelba
35%
Segni
35%
Tambroni
31%
Zoli
23%
Colombo
19%
Pella
15%
Nessun quiz corrispondente trovato
Distribuzione punteggi
Percentuale di utenti per punteggio
Percentile per numero di risposta
I tuoi punteggi nel tempo
Non hai fatto questo quiz